[Event "Extremadura-chT"]
[Site "Spain"]
[Date "2007.02.24"]
[Round "6.2"]
[White "Mandly Manso, Arturo"]
[Black "Sanchez Garcia, Jesus Maria"]
[Result "1/2-1/2"]
[WhiteElo "1821"]
[BlackElo "2104"]
[PlyCount "62"]
[EventDate "2007.01.20"]
[EventType "team-swiss"]
[EventRounds "7"]
[EventCountry "ESP"]
[SourceTitle "EXT 2011"]
[Source "ChessBase"]
[SourceDate "2010.11.26"]
[SourceVersion "1"]
[SourceVersionDate "2010.11.26"]
[SourceQuality "1"]
[WhiteTeam "Sanba"]
[BlackTeam "Coria"]
[WhiteTeamCountry "ESP"]
[BlackTeamCountry "ESP"]

1. d4 Nf6 2. Nf3 e6 3. e3 c5 4. c3 d5 5. Bd3 Nc6 6. 0-0 Bd7 7. Nbd2 cxd4 8. cxd4 Bd6 9. a3 0-0 10. b3 e5 11. dxe5 Nxe5 12. Be2 Nfg4 13. Bb2 Qe7 14. Nxe5 Nxe5 15. Nf3 Bc6 16. Qd4 Rfe8 17. Rac1 Qf6 18. Bc3 Qh6 19. h3 Nxf3+ 20. Bxf3 Be5 21. Qg4 Qf6 22. Bxe5 Qxe5 23. Qf4 Qxf4 24. exf4 Re6 25. Rc5 d4 26. Bxc6 Rxc6 27. Rd5 Rc3 28. Rb1 d3 29. Rd1 Rxb3 30. R1xd3 Rxd3 31. Rxd3 Kf8 1/2-1/2